01365nam a2200337Ii 4500001001100000003000800011006001900019007001500038008004100053020001500094020001800109035002100127040002600148050001800174100003700192245011500229250002100344264003900365300003400404336002600438337002600464338003600490490008400526500012300610504005600733650001600789655002200805700004300827830008600870856007100956DIGBN03102NyNyDIGm o d cr |||||||||||121101s2004 sp ob 000 0 spa d z8470308777 z9788470308772 a(OCoLC)888259488 aDGITAbengepncDGITA14aLC93.A2 eBook1 aLuzuriaga, Lorenzo,d1889-1959. 13aLa escuela única / cLorenzo Luzuriaga ; edición y estudio introductorio de Herminio Barreiro Rodríguez. a3a reimpresión 1aMadrid :bBiblioteca Nueva,c2004. a1 online resource (141 pages) atextbtxt2rdacontent acomputerbc2rdamedia aonline resourcebcr2rdacarrier1 aMemoria y crítica de la educación. Serie Clásicos de la educación ;v2. aFirst published: Madrid : Publicaciones de la Revista de Pedagogía, 1931. First published in Biblioteca Nueva: 2001. aIncludes bibliographical references (p. [137]-141). 0aEducation.  0aElectronic books.1 aBarreiro Rodríguez, Herminio,d1937- 0aMemoria y crítica de la educación. pSerie Clásicos de la educación ;v2.403Digitalia Hispánicauhttps://www.digitaliapublishing.com/a/4743/